| 000 | 01095nam a22003377a 4500 | ||
|---|---|---|---|
| 003 | CHAP | ||
| 005 | 20220329143746.0 | ||
| 008 | 110623s1994 mx a r 00010 spa d | ||
| 010 | _a101521 | ||
| 011 | _a102493 | ||
| 020 | _a9684064241 | ||
| 035 | _a113181 | ||
| 040 | _cCHAP | ||
| 082 | 0 | 4 |
_a303.64097275 _bR66 |
| 245 | 0 | 4 |
_aLos Altos de Chiapas, la voz de las armas _c/por César Romero Jacobo |
| 260 |
_aMéxico, D.F. : _bPlaneta, _c1994 |
||
| 300 |
_a207 p. : _bilus. |
||
| 490 | _aColección México vivo | ||
| 590 |
_aBATCH-UPD _b10 _c20130110 _lUCH01 _h0845 |
||
| 590 |
_aBATCH-UPD _b10 _c20130410 _lUCH01 _h0519 |
||
| 590 |
_aBATCH-UPD _b10 _c20130914 _lUCH01 _h1005 |
||
| 590 |
_aCONVERSION _b10 _c20130109 _lUCH01 _h1356 |
||
| 650 | 1 | 4 |
_aConflictos sociales. _926641 |
| 650 | 1 | 4 |
_aGenocidio. _947468 |
| 650 | 1 | 4 |
_aIndios de Chiapas _xCondiciones sociales. _957594 |
| 650 | 1 | 4 |
_aMovimientos sociales _xChiapas. _979170 |
| 830 |
_aColección México vivo _924934 |
||
| 901 | _aBK | ||
| 942 | _cLIBRO | ||
| 949 |
_a303.64097275 R66 _bBC _cLIBRO _d33724002242660 _eLIBRO _h115216 _i113181 _sb |
||
| 999 |
_c101521 _d101521 |
||